MARC

LEADER 00000nam0a2200000 4500
001 319686
005 20231102003214.0
035 |a (RuTPU)RU\TPU\book\345195 
090 |a 319686 
100 |a 20160606d1940 km y0rusy50 ca 
101 0 |a rus 
102 |a RU 
105 |a a z 001zd 
200 1 |a Ф. С. Рокотов, Д. Г. Левицкий  |e развитие русской портретной живописи XVIII века  |f К. Кузьминский 
210 |a Москва  |c Искусство  |d 1940 
215 |a 186 с.  |c ил. 
320 |a Библиогр.: с. 181 
600 1 |a Рокотов  |g Федор Степанович  |b Ф. С.  |c российский живописец  |f 1735-1808  |2 stltpush  |3 (RuTPU)RU\TPU\pers\569 
600 1 |a Левицкий  |b Д. Г.  |c российский живописец  |f около 1735-1822  |g Дмитрий Григорьевич  |2 stltpush  |3 (RuTPU)RU\TPU\pers\571  |9 267 
606 1 |a Портретная живопись  |2 stltpush  |3 (RuTPU)RU\TPU\subj\70538  |9 84775 
610 1 |a изобразительное искусство 
610 1 |a русская живопись 
610 1 |a история 
610 1 |a 18 век 
610 1 |a художники 
675 |a 75.041  |v 4 
700 1 |a Кузьминский  |b К. 
801 1 |a RU  |b 63413507  |c 20160606 
801 2 |a RU  |b 63413507  |c 20200909  |g RCR 
942 |c BK